000 01152nam a22003377a 4500
003 CHAP
005 20220329133506.0
008 971013s1993 r 00010 d
010 _a7016
011 _a7988
035 _a7213
040 _cCHAP
090 _aTesis
100 0 0 _aCervantes Escoto, Joel.
_921559
245 _aEfecto de la adición de una preparación enzimática sobre el crecimiento de pollos de engorda alimentados con dieta a base de sorgo-soya
260 _aChapingo, Méx. :
_bEl autor,
_c1993
300 _a37 h
502 _aTesis (Ing. Agr. Esp. en Zootecnia) -- UACH. Departamento de Zootecnia
590 _aALEPH
_b10
_c20130110
_lUCH01
_h1220
590 _aBATCH-UPD
_b10
_c20130110
_lUCH01
_h1050
590 _aCONVERSION
_b10
_c20130109
_lUCH01
_h1305
650 1 4 _aAves de corral
_xCrecimiento.
_98642
650 1 4 _aAves de corral
_xEngorda.
_98647
650 1 4 _aEnzimas.
_937195
650 1 4 _aSorgo
_xValor nutritivo.
_9108733
650 1 4 _aSoya
_xValor nutritivo.
_9109095
901 _aBK
942 _cTESIS
949 _bBC
_cTES
_d-17033
_eTS1
_h26220
_i7213
_si
949 _bBC
_cTES
_d-17035
_eTS1
_fc.2
_h26221
_i7213
_si
999 _c7016
_d7016